Příklady z mikroekonomie : cvičebnice pro distanční studium /

Hlavní autor: Nový, Miloš, 1960-
Korporativní autor: Západočeská univerzita. Ekonomická fakulta
Jazyk: Čeština
Vydáno: Plzeň : Západočeská univerzita, 2002
Vydání: 2. vyd.
Témata:
Fyzický popis: 91 s. : il. ; 21 cm
Knihy
Uloženo v:
LEADER 01214nam a2200337 a 4500
001 000618020
003 CZ BrMZK
005 20070619141621.0
007 ta
008 020821s2002 xr e p cze d
015 |a cnb001185452 
020 |a 80-7082-909-5 
035 |a (OCoLC)51191863 
040 |a BOA001  |b cze 
072 7 |a 33  |x Ekonomie  |2 Konspekt  |9 4 
072 7 |a 37.016  |x Učební osnovy. Vyučovací předměty. Učebnice  |2 Konspekt  |9 22 
080 |a 330.101.542  |2 MRF 
080 |a (075.8)  |2 MRF 
100 1 |a Nový, Miloš,  |d 1960-  |7 ola2003206387  |4 aut 
245 1 0 |a Příklady z mikroekonomie :  |b cvičebnice pro distanční studium /  |c Miloš Nový 
250 |a 2. vyd. 
260 |a Plzeň :  |b Západočeská univerzita,  |c 2002 
300 |a 91 s. :  |b il. ;  |c 21 cm 
504 |a Obsahuje bibliografii 
521 |a Určeno pro studenty distančního studia 
650 0 7 |a mikroekonomie  |7 ph115305  |x úlohy  |2 czenas 
655 7 |a učebnice vysokých škol  |7 fd133772  |2 czenas 
710 2 |a Západočeská univerzita.  |b Ekonomická fakulta  |7 kn20010709434 
910 |a BOA001  |b 2-1106.514 
990 |a BK 
996 6 |b 2610168023  |c 2-1106.514  |l MZK  |r Sklad / do 1 hodiny  |n 1  |p p.v.  |w 000618020  |u 000010  |a 1  |e BOA001  |j MZK50  |s P